01457nam a2200157 a 4500008004100000020001800041041000800059100001900067245008800086250004100174260003500215300001100250500012500261505090200386655001101288180221t2012 sp ||||g |||| 00| f spa d a9788466651356 aspa1 aBingham, Harry aHablando con los muertos.bSabes qué es el síndrome de Cotard? /cHarry Bingham a1a ed.bTraducción Javier Guerrero aBarcelona:bGrupo Zeta;c2012. a375 p. aBingham, H. (2012). Hablando con los muertos. Sabes qué es el síndrome de Cotard?. (1a ed.). Barcelona : Grupo Zeta. aHablando con los muertos, la novela negra con que Harry Bingham irrumpe en las letras británicas, está considerada la obra más original de los últimos tiempos en el Reino Unido, al imaginar una posible comunicación con los muertos tan polémica como extraña. El resultado, y el modo en que está contado, no deja indiferente. Para la policía Fiona Griffiths, su primera gran investigación promete ser una dura iniciación en el submundo de Cardiff: una joven prostituta y su hija han sido brutalmente asesinadas en un piso. Todo apunta a que la víctima debió de topar con el cliente equivocado, pero Fiona está convencida de que el ministerio es mucho más profundo. De pronto, vuelve a sentir que pertenece al mundo de los muertos, que estos le hablan...y ese punto débil, que algunos llaman síndrome de Cotard, se convierte en un don que da un giro a la historia.  aNovela